01193cam#a2200325#a 450000100060000000300100000600500170001600700030003300800410003602000150007704000300009208200170012208400060013909200170014510000340016224500840019625000180028030000170029833600270031533700330034233800280037549000110040365000460041465000410046070000480050194200120054999900170056195201290057895201600070758443CO-BoRNBP20250822195018.0ta051121s1998 ck a gr 000 j spakd a9583003018 aCO-ArBCAbspadCO-BoBNc-04aCo863.44223 a- aVerde L925s11 aLozano Riveros, Pilar,d1951-10aSocaire y el capitán loco /cPilar Lozano ; Ilustraciones de Henry González a1a. edición a85 p. :bil. 2rdacontentatextobtxt 2rdamediaasin mediaciónbn 2rdacarrieravolumenbnc0 aCorcel14aCuentos colombianosySiglo XX2LEMB9120614aCuentos infantiles colombianos2LEMB1 aGonzález Torres, Henry Javiereil.939042 2ddccBK c58443d58443 00102lcc40708INFaMEFTEORObMEFTEOROcSInfd2025-08-22l0oC LOZ1pFo02653r2025-08-22 19:55:33tEj.1w2025-08-22yBKINF 00102ddc40708012aMEGRANADbMEGRANADcLITd2026-05-12eBIBLIOTECA NACIONAL DE COLOMBIAl0oC- LOZpGRDA08156r2026-05-12 15:37:52tEj.1w2026-05-12yBK